000 00327pab a2200133 454500
008 180718b xxu||||| |||| 00| 0 eng d
100 _aAmrik Singh
245 _aThe unemployable
362 _a17 Jun 1994, p.13
650 _a Unemployment
650 _aEmployment (Economic Theory)
773 _aHindustan Times
909 _a26714
999 _c26714
_d26714